| 000 | 02469nam a22003497a 4500 | ||
|---|---|---|---|
| 005 | 20170825101031.0 | ||
| 010 | _a1516EN07 ENG-114669 | ||
| 020 |
_a9780062369284 _c599.00 |
||
| 035 | _aEN-98201 | ||
| 035 | _aB-602189-197 | ||
| 035 | _aB-667739 | ||
| 037 |
_adpl _bKKP/Ven |
||
| 037 | _bDBAD/PUB | ||
| 082 | _a364.13230973 | ||
| 100 | _aSchweizer, Peter | ||
| 245 |
_aClinton cash : _cby Peter Schweizer _bthe untold story of how and why foreign governments and businesses helped make bill and Hillary rich / |
||
| 260 |
_aNew York _bHarper Collins Publishers _c2015 |
||
| 270 |
_aS195 Broadway _bNew York _eNY 10007 |
||
| 300 |
_aviii,243p. _c23cm(Hb) |
||
| 500 | _a Includes bibliographical references (pages 187-243). | ||
| 505 | _aThe Lincoln Bedroom goes global -- The transfer: Bill's excellent Kazakh adventure -- Hillary's reset: The Russian uranium deal -- Indian nukes: How to win a medal by changing Hillary's mind -- The Clinton blur (I): Bill and Hillary's global nexus of philanthropy, power, and profit -- The Clinton blur (II): The view from Foggy Bottom -- Podium economics: What was Bill being paid for? -- Warlord economics: The Clintons do Africa -- Rainforest riches: Hillary, Bill, and Colombian timber and oil deals -- Disaster capitalism Clinton-style: The 2010 Haitian relief effort -- Quid pro quo? | ||
| 520 | _a In 2000, Bill and Hillary Clinton owed millions of dollars in legal debt. Since then, they've earned over $130 million. Where did the money come from? Most people assume that the Clintons amassed their wealth through lucrative book deals and high-six figure fees for speaking gigs. Now, Peter Schweizer shows who is really behind those enormous payments. | ||
| 600 |
_aClinton, Bill, _d1946- _xFinance, Personal. |
||
| 600 |
_a Clinton, Hillary Rodham _xFinance, Personal. |
||
| 610 | _aWilliam J. Clinton Presidential Foundation. | ||
| 650 |
_aPolitical corruption _zUnited States. |
||
| 650 |
_aCharitable uses, trusts, and foundations _zUnited States _xFinance. |
||
| 650 |
_aFund raising _xCorrupt practices _zUnited States. |
||
| 942 |
_2ddc _cEN _mSCH _h364.13230973 |
||
| 999 |
_c96103 _d96103 |
||